Missing Word: Stephen Hawking Quotes Quiz Stats

 Plays Quiz not verified by Sporcle

Challenge
Share
Tweet
Embed
Score 0/20 Timer 07:00
0 Plays Today
% Correct
Colonize
86.5%
Feet
85.8%
Tragic
85.1%
Marilyn Monroe
85.1%
Earth
84.4%
Voice
83.7%
Native Americans
82.4%
Equation
82.4%
Weather
82%
God
82%
% Correct
Black holes
81.3%
I.Q.
81%
Einstein
79.6%
Science
73.4%
Gravitational waves
73.4%
Women
72%
Dead
70.2%
Aliens
50.5%
Time
40.8%
Information
32.9%

You're not logged in!

Compare scores with friends on all Sporcle quizzes.
Join for Free
OR
Log In

You Might Also Like...

Show Comments

Extras

Top Quizzes Today


Score Distribution

Your Account Isn't Verified!

In order to create a playlist on Sporcle, you need to verify the email address you used during registration. Go to your Sporcle Settings to finish the process.

Report this User

Report this user for behavior that violates our Community Guidelines.

Details: